[Event "UKR-POL Academic Teams"]
[Site "Lviv UKR"]
[Date "2013.09.28"]
[Round "4"]
[White "Kalinina,O"]
[Black "Gasik,An"]
[Result "1/2-1/2"]
[WhiteElo "2290"]
[BlackElo "2227"]

1.e4 c5 2.Nf3 e6 3.d4 cxd4 4.Nxd4 a6 5.Nc3 b5 6.Bd3 Qb6 7.Nb3 d6 8.O-O Qc7
9.f4 Nd7 10.a3 Bb7 11.Qe1 Ngf6 12.Qg3 g6 13.Bd2 Bg7 14.Rae1 O-O 15.Qh3 d5
16.e5 Ne4 17.Bxe4 dxe4 18.Qe3 Rac8 19.Nd4 g5 20.g3 gxf4 21.gxf4 Kh8 22.Rf2 Rg8
23.Kf1 f5 24.b3 Nf8 25.Nce2 Qd7 26.Bb4 Ng6 27.Qh3 e3 28.Qxe3 Qd5 29.Ng3 Bh6
30.Nh5 Rgf8 31.c3 Bg7 32.Nf6 Bxf6 33.exf6 e5 34.fxe5 Qh1+ 35.Ke2 f4 36.Rxh1 fxe3
37.Kxe3 Bxh1 38.e6 Bd5 39.e7 Rfe8 40.f7 Bxf7 41.Rxf7 Kg8 42.Rf6 Nxe7 43.Rxa6 Nd5+
44.Kd3 Re3+ 45.Kd2 Nxb4 46.cxb4 Rh3 47.Nxb5 Rxh2+ 48.Kd3 Rh3+ 49.Kd4 Rh4+
50.Kd3 Rh3+ 51.Kd4 Rh4+ 52.Kd3 Rh3+ 53.Kd4 Rh4+  1/2-1/2

[Event "UKR-POL Academic Teams"]
[Site "Lviv UKR"]
[Date "2013.09.28"]
[Round "4"]
[White "Chlost,M"]
[Black "Kalinina,M"]
[Result "1/2-1/2"]
[WhiteElo "2173"]
[BlackElo "2093"]

1.e4 c5 2.Nf3 e6 3.d4 cxd4 4.Nxd4 a6 5.Nc3 Qc7 6.Bd3 Bc5 7.Be3 Nf6 8.O-O Be7
9.a4 b6 10.f4 d6 11.Qf3 Bb7 12.Qh3 Nbd7 13.Nb3 h5 14.Kh1 Ng4 15.Bg1 g5 16.Be2 O-O-O
17.a5 b5 18.Nd4 Nc5 19.Ncxb5 Qd7 20.Nc3 gxf4 21.b4 Nxe4 22.Nxe4 Bxe4 23.Bxa6+ Kb8
24.Rae1 Ba8 25.Nb5 Bd5 26.Rxf4 e5 27.Rxg4 hxg4 28.Qe3 Ka8 29.Qb6 Rc8 30.Bxc8 Rxc8
31.Qa6+ Kb8 32.Ba7+ Ka8 33.Bc5+ Kb8 34.Ba7+ Ka8 35.Bb6+ Kb8 36.Ba7+ Ka8  1/2-1/2

[Event "UKR-POL Academic Teams"]
[Site "Lviv UKR"]
[Date "2013.09.28"]
[Round "5"]
[White "Warakomska,A"]
[Black "Kalinina,O"]
[Result "1/2-1/2"]
[WhiteElo "2122"]
[BlackElo "2290"]

1.e4 c5 2.Nf3 e6 3.d4 cxd4 4.Nxd4 a6 5.Nc3 Qc7 6.Bd3 Nf6 7.O-O Be7 8.Kh1 d6
9.f4 Nbd7 10.Bd2 b5 11.a3 Bb7 12.Qe2 O-O 13.Rae1 g6 14.e5 Nd5 15.exd6 Qxd6
16.Ne4 Qb6 17.Nf3 Nc5 18.Nxc5 Bxc5 19.b4 Be7 20.Ne5 Rad8 21.c4 bxc4 22.Nxc4 Qd4
23.Ne5 Nc3 24.Bxc3 Qxc3 25.Rd1 Bd5 26.Bc4 Bxc4 27.Qxc4 Rxd1 28.Rxd1 Qxa3
29.Nc6 Bf6 30.Ne5 Bxe5 31.fxe5 Rb8 32.Rb1 Qe3 33.Qc7 Qb6 34.Qe7 Qb5 35.Qf6 Qd7
36.h3 Qd8 37.Qf4 Qe7 38.Qc4 Qb7 39.Qf4 Qd7 40.Ra1 Qb7 41.Rd1 Qxb4 42.Rd8+ Kg7
43.Qf6+ Kh6 44.Rxb8 Qxb8 45.g4 Qb1+ 46.Kh2 Qc2+ 47.Kg3 Qc3+ 48.Kg2 Qd2+ 49.Kf3 a5
50.h4 Qc1 51.Kg3 Qg1+ 52.Kh3 Qe3+ 53.Kg2 Qe2+ 54.Kh3 Qe3+ 55.Kg2 a4 56.Qxf7 Qe4+
57.Kh3 Qh1+ 58.Kg3 Qg1+ 59.Kh3 Qe3+ 60.Kg2 Qe2+  1/2-1/2

[Event "TCh-BEL 2013-14"]
[Site "Belgium BEL"]
[Date "2013.09.29"]
[Round "2.1"]
[White "Rooze,J"]
[Black "Kveinys,A"]
[Result "0-1"]
[WhiteElo "2355"]
[BlackElo "2511"]

1.e4 c5 2.Nf3 e6 3.Nc3 a6 4.d4 cxd4 5.Nxd4 Qc7 6.Bd3 Nf6 7.O-O d6 8.f4 Nbd7
9.Kh1 Be7 10.Qe2 b5 11.Bd2 Bb7 12.Rae1 Nc5 13.b4 Nxd3 14.cxd3 O-O 15.Rc1 Qd8
16.Nb3 Rc8 17.Be3 Re8 18.a3 Bf8 19.Rc2 g6 20.Rfc1 Bg7 21.Bd4 h5 22.Nd1 Rxc2
23.Rxc2 Bh6 24.Qf1 Nd7 25.Be3 f5 26.Na5 Ba8 27.Nc6 Qf6 28.Nf2 Qf8 29.Qc1 Nf6
30.Qb2 Bg7 31.Qb3 Ng4 32.Nxg4 hxg4 33.Kg1 Kh7 34.e5 Rc8 35.Nd4 Bd5 36.Qb1 dxe5
37.fxe5 Bxe5 38.Rxc8 Qxc8 39.Qe1 Bf6 40.Ne2 Bb7 41.Nd4 Qd7  0-1

[Event "TCh-BEL 2013-14"]
[Site "Belgium BEL"]
[Date "2013.09.29"]
[Round "2.8"]
[White "Hommerson,P"]
[Black "Voicu,C"]
[Result "1-0"]
[WhiteElo "2248"]
[BlackElo "2310"]

1.e4 c5 2.Nf3 e6 3.d4 cxd4 4.Nxd4 a6 5.Nc3 Qc7 6.Bd3 Nf6 7.O-O d6 8.Kh1 Nbd7
9.f4 g6 10.Qe2 Bg7 11.Bd2 O-O 12.Rae1 e5 13.Nb3 b5 14.a4 b4 15.Na2 a5 16.c3 exf4
17.cxb4 axb4 18.Nxb4 Rxa4 19.Rc1 Qb8 20.Nc6 Qxb3 21.Bc2 Qc4 22.Ne7+ Kh8 23.Bd3 Qe6
24.Nxc8 Nc5 25.Nb6 Rd4 26.Bc4 Rxe4 27.Qf3 Qe7 28.b4 Ncd7 29.Nd5 Nxd5 30.Bxd5 Re2
31.Bxf4 Rb2 32.Rb1 Rxb1 33.Rxb1 Re8 34.Bg3 f5 35.Bc6 Rd8 36.Re1 Ne5 37.Qd5 Qf6
38.b5 f4 39.Bf2 Ng4 40.Bg1 Qh4 41.Re2 Be5 42.b6 Ne3 43.Qf3 g5 44.g3 Qh6 45.Bxe3 fxe3
46.Qxe3 Rf8 47.b7 Qf6 48.Rf2 Qd8 49.Rxf8+ Qxf8 50.Kg2 Qg8 51.Kg1 g4 52.Bd5 Qd8
53.Kg2 Qb8 54.Qc1  1-0

[Event "23rd EYCC Open U16 2013"]
[Site "Budva MNE"]
[Date "2013.09.29"]
[Round "1.8"]
[White "Lekic,L"]
[Black "Khegay,D"]
[Result "0-1"]
[WhiteElo "2054"]
[BlackElo "2327"]

1.e4 c5 2.Nf3 e6 3.d4 cxd4 4.Nxd4 a6 5.Nc3 b5 6.Bd3 Bb7 7.O-O d6 8.a4 bxa4
9.Rxa4 Nf6 10.Qe2 Be7 11.Bd2 O-O 12.Nb3 Nfd7 13.f4 Nc6 14.Kh1 Nc5 15.Nxc5 dxc5
16.Bxa6 Rxa6 17.Rxa6 Nd4 18.Qd3 Bxa6 19.Qxa6 Nxc2 20.Rd1 Nb4 21.Qc4 Nd3 22.Be1 Nxb2
23.Rxd8 Nxc4 24.Rd7 Re8 25.Bf2 Nb2 26.e5 c4 27.Ne4 Nd3 28.Be3 Nb4 29.Nc3 Bf8
30.Rc7 Nd5 31.Nxd5 exd5 32.Rd7 c3 33.Rxd5 c2 34.Ra5 Rd8  0-1

[Event "Oslo Int Open 2013"]
[Site "Oslo NOR"]
[Date "2013.09.29"]
[Round "5"]
[White "Bentsen,O"]
[Black "Hauge,Lars Oskar"]
[Result "0-1"]
[WhiteElo "2121"]
[BlackElo "2282"]

1.e4 c5 2.Nf3 e6 3.d4 cxd4 4.Nxd4 a6 5.Nc3 Qc7 6.Be2 Nf6 7.f3 Be7 8.Be3 b5
9.a3 O-O 10.O-O Bb7 11.Qd2 d6 12.Bd3 Nbd7 13.Qf2 d5 14.exd5 Nxd5 15.Nxd5 Bxd5
16.Ne2 Bb7 17.Qg3 Qxg3 18.Nxg3 f5 19.Bf2 Rac8 20.c3 Ne5 21.Be2 Nc4 22.a4 b4
23.cxb4 Bxb4 24.b3 Na5 25.Rab1 Rfd8 26.Be1 Rd4 27.Bf2 Rd6 28.Be1 Nc6 29.Bc4 g6
30.Bxb4 Nxb4 31.Rbc1 Kf7 32.Ne2 Kf6 33.Nc3 Rcd8 34.Rfd1 g5 35.Rxd6 Rxd6 36.Rd1 Rxd1+
37.Nxd1 Ke5 38.Kf2 h5 39.Ke3 h4 40.Nc3 Nc2+ 41.Kf2 Nd4 42.h3 Nc6 43.Nb1 Bc8
44.Ke3 Nd4 45.Nc3 Nc2+ 46.Kd2 Nd4 47.Ke3 Bb7 48.Na2 a5 49.Nc1 f4+ 50.Kf2 Nc2
51.Nd3+ Kd4  0-1

[Event "Tatry Open 2013"]
[Site "Tatranske Zruby SVK"]
[Date "2013.09.29"]
[Round "1.14"]
[White "Jasny,S"]
[Black "Koval,A"]
[Result "1-0"]
[WhiteElo "2310"]
[BlackElo "2180"]

1.e4 c5 2.Nf3 e6 3.d4 cxd4 4.Nxd4 a6 5.Nc3 Nc6 6.Be2 Qc7 7.Be3 Nf6 8.a3 b5
9.Nxc6 dxc6 10.O-O Be7 11.f4 O-O 12.e5 Nd5 13.Nxd5 cxd5 14.c3 Bb7 15.Bd4 f5
16.exf6 gxf6 17.Bd3 e5 18.Bxh7+ Kg7 19.Qg4+ Kh8 20.Qh5 Bd6 21.Bf5+ Kg8 22.Be6+ Kg7
23.Rf3  1-0

[Event "23rd EYCC Open U18 2013"]
[Site "Budva MNE"]
[Date "2013.10.01"]
[Round "3.1"]
[White "Studer,N"]
[Black "Fedoseev,Vl3"]
[Result "0-1"]
[WhiteElo "2341"]
[BlackElo "2565"]

1.e4 c5 2.Nf3 e6 3.d4 cxd4 4.Nxd4 a6 5.Nc3 b5 6.Bd3 Qb6 7.Nb3 Nc6 8.O-O Nf6
9.Qe2 d6 10.a4 bxa4 11.Be3 Qb7 12.Nxa4 Nd7 13.f4 Be7 14.e5 dxe5 15.Be4 Qc7
16.Qf3 Bb7 17.f5 exf5 18.Qxf5 Nf6 19.Nb6 Rd8 20.Nd5 Rxd5 21.Bxd5 O-O 22.Rad1 Bc8
23.Qf2 Nb4 24.c4 Bg4 25.Rd2 Nbxd5 26.cxd5 Ne4 27.Qe1 Nxd2 28.Qxd2 Rb8 29.Rc1 Qd8
30.Nc5 Qd6 31.b4 f5 32.Ra1 f4 33.Bf2 Rd8 34.Nxa6 Qxd5 35.Qxd5+ Rxd5 36.Bc5 Bf6
37.Nc7 Rd7 38.Ne8 Rd2 39.Nxf6+ gxf6 40.Re1 Bd7 41.Bf2 Rb2 42.Rd1 Ba4 43.Rd8+ Kf7
44.h4 e4 45.Bd4 Rb1+ 46.Kh2 e3  0-1

[Event "39th National ch-BAN"]
[Site "Dhaka BAN"]
[Date "2013.10.01"]
[Round "10.1"]
[White "Abu Sufian,S"]
[Black "Ahmed,Sh"]
[Result "1-0"]
[WhiteElo "2354"]
[BlackElo "2160"]

1.e4 c5 2.Nc3 e6 3.Nf3 a6 4.d4 cxd4 5.Nxd4 Qc7 6.Be2 Nf6 7.O-O Be7 8.f4 d6
9.Kh1 h5 10.a4 Nc6 11.Be3 Bd7 12.Nb3 b6 13.Bf3 Rb8 14.Qe2 Bc8 15.Qc4 Ng4
16.Bg1 Bb7 17.Nd5 exd5 18.exd5 Rd8 19.Nd4 Bf6 20.Rae1+ Kf8 21.Nxc6 Nh6 22.Qb4 Rc8
23.Bxb6 Qd7 24.Bd4 Bxd4 25.Qxd4 Nf5 26.Qd3 g6 27.Be4 Kg7 28.b4 Rhe8 29.Bxf5 Qxf5
30.Qxf5 gxf5 31.b5 Re4 32.Rxe4 fxe4 33.c4 Re8 34.Na5 Re7 35.b6 Kf6 36.g3 Kg7
37.Kg2 f5 38.Kf2 Kf8 39.Ke3 Ke8 40.Rb1 Rh7 41.Kd4 Rd7 42.Nxb7 Rxb7 43.c5 dxc5+
44.Kxc5 Kd7 45.d6 a5 46.h4 Rb8 47.b7 e3 48.Kb6 Re8 49.Ka7 Kxd6 50.b8=Q+ Rxb8
51.Rxb8 Kd5 52.Re8 Kd4 53.Kb6 Kd3 54.Kxa5 Kd2 55.Kb4 e2 56.a5 e1=Q 57.Rxe1 Kxe1
58.a6  1-0

[Event "39th National ch-BAN"]
[Site "Dhaka BAN"]
[Date "2013.10.01"]
[Round "10.3"]
[White "Ahmed,SN"]
[Black "Hossain,Enam"]
[Result "1/2-1/2"]
[WhiteElo "2314"]
[BlackElo "2445"]

1.e4 c5 2.Nc3 e6 3.Nf3 a6 4.d4 cxd4 5.Nxd4 Qc7 6.Bd3 Nf6 7.O-O Bc5 8.Nb3 Be7
9.f4 d6 10.a4 Nc6 11.Kh1 b6 12.Qe2 Bb7 13.Bd2 O-O 14.Rae1 Nb4 15.Nd4 Nxd3
16.cxd3 Qd7 17.Rc1 Rfc8 18.Be3 Bd8 19.Rc2 Rc5 20.Nf3 Rcc8 21.Nd4 Rab8 22.Rfc1 g6
23.b4 Nh5 24.b5 Bf6 25.Qd2 axb5 26.Ncxb5 Rxc2 27.Rxc2 e5 28.Rc7 Qd8 29.Nc6 Bxc6
30.Rxc6 exf4 31.Bxf4 Nxf4 32.Qxf4 Be5 33.Qf2 Rc8 34.Rxc8 Qxc8 35.d4 Bg7 36.h3 Qc1+
37.Kh2 Bh6 38.g3 Be3 39.Qg2 Qd1 40.Nxd6 Qxd4 41.e5 Qxa4 42.Nxf7 Kxf7 43.Qf3+ Ke6
44.Qxe3 Qc2+ 45.Kh1 Qc5 46.Qh6 Qxe5 47.Qxh7 Qe4+ 48.Kg1 Kd6 49.Qh8 Kc5 50.Qc3+ Qc4
51.Qa3+ Kd5 52.Qa8+ Qc6 53.Qxc6+ Kxc6 54.h4 b5 55.Kf2 Kd5 56.g4 Ke6 57.h5 gxh5
58.gxh5 Kf5 59.Ke3 Kg5 60.Kd4 Kxh5 61.Kc5 b4 62.Kxb4  1/2-1/2

[Event "Reykjavik CC GM 2013"]
[Site "Reykjavik ISL"]
[Date "2013.10.01"]
[Round "1.1"]
[White "Olafsson,Thorv"]
[Black "Thorfinnsson,Br"]
[Result "1/2-1/2"]
[WhiteElo "2266"]
[BlackElo "2483"]

1.e4 c5 2.Nf3 e6 3.d4 cxd4 4.Nxd4 a6 5.Nc3 b5 6.Bd3 Qb6 7.Nb3 Qc7 8.O-O Bb7
9.a4 b4 10.Ne2 Nf6 11.f3 Bd6 12.g3 h5 13.Bf4 h4 14.Qd2 hxg3 15.hxg3 Nc6 16.Bxd6 Qxd6
17.Qf4 Qxf4 18.gxf4 d6 19.Kf2 Rh2+ 20.Kg3 Rh8 21.Rh1 Ke7 22.Kg2 g6 23.Rxh8 Rxh8
24.Rh1 Rc8 25.Kf2 Nd7 26.Rh7 Nf6 27.Rh1 Rc7 28.Rh8 Nd7 29.a5 Nc5 30.Ned4 Nxd4
31.Nxd4 e5 32.fxe5 dxe5 33.Ne2 Nxd3+ 34.cxd3 Bc6 35.Ke3 Bb5 36.Kd2 Ba4 37.b3 Bb5
38.Rb8 Rd7 39.Nc1 Kf6 40.Rc8 Kg5 41.Ke3 f5 42.exf5 gxf5 43.Rg8+ Kf6 44.Rf8+ Ke6
45.Re8+ Kd6 46.Rh8 f4+ 47.Kd2 Rg7 48.Rh2 Rg3 49.Rf2 Bc6 50.d4 exd4 51.Ne2 Rxf3
52.Rxf3 Bxf3 53.Nxf4 Be4 54.Ne2 Kc5 55.Nf4 Bf5 56.Ne2 Bh7 57.Nf4 Bg8 58.Kc2 Kb5
59.Ne2 d3+ 60.Kxd3 Bxb3 61.Nd4+ Ka4 62.Nc6 Ka3 63.Kd2 Ba4 64.Nxb4 Kxb4 65.Kc1  1/2-1/2

[Event "23rd EYCC Open U16 2013"]
[Site "Budva MNE"]
[Date "2013.10.03"]
[Round "5.11"]
[White "Reshef,O"]
[Black "Takacs,Las"]
[Result "1-0"]
[WhiteElo "2246"]
[BlackElo "2130"]

1.e4 c5 2.Nf3 e6 3.d4 cxd4 4.Nxd4 a6 5.Nc3 Qc7 6.Be2 b5 7.a3 Bb7 8.f4 Bc5
9.Be3 Qb6 10.b4 Bf8 11.O-O Qc7 12.Qd3 d6 13.Bh5 Nf6 14.Nxe6 Qc8 15.Nxf8 Nxh5
16.Qxd6 Qxc3 17.Bc5 Qf6 18.Qc7 Bc6 19.Rad1 Nd7 20.Rxd7 Rxf8 21.Re7+  1-0

[Event "23rd EYCC Open U18 2013"]
[Site "Budva MNE"]
[Date "2013.10.03"]
[Round "5.31"]
[White "Grigorian,R"]
[Black "Tairi,K"]
[Result "1/2-1/2"]
[WhiteElo "2078"]
[BlackElo "1864"]

1.e4 c5 2.Nf3 e6 3.d4 cxd4 4.Nxd4 a6 5.Nc3 Bc5 6.Nb3 Ba7 7.g3 Nc6 8.Bg2 Nf6
9.O-O h6 10.a4 d6 11.Nd2 e5 12.Nc4 Nd4 13.h3 Be6 14.Nd5 Bxd5 15.exd5 Nf5
16.Kh1 Rc8 17.b3 Bd4 18.Ra2 b5 19.axb5 axb5 20.Na5 Qb6 21.c4 Ra8 22.Qd2 O-O
23.Nc6 bxc4 24.bxc4 Qb3 25.Rc2 Ra4 26.Qe2 Bc5 27.Rd1 Nd4 28.Nxd4 Bxd4 29.Be3 Bxe3
30.fxe3 Ra3 31.c5 dxc5 32.Rxc5 Qxe3 33.Qxe3 Rxe3 34.d6 Rd8 35.Kh2 Kf8 36.Bc6 Ne4
37.Rxe5 Re2+ 38.Kg1 Nxg3 39.Ra5 Re6 40.Ra8 Rxa8 41.Bxa8 Ke8 42.Bd5 Rxd6 43.Bxf7+ Ke7
44.Rxd6  1/2-1/2

[Event "39th National ch-BAN"]
[Site "Dhaka BAN"]
[Date "2013.10.04"]
[Round "12.2"]
[White "Ahmed,SN"]
[Black "Ahmed,Sh"]
[Result "1-0"]
[WhiteElo "2314"]
[BlackElo "2160"]

1.e4 c5 2.Nf3 e6 3.d4 cxd4 4.Nxd4 a6 5.Nc3 Qc7 6.Be2 Nf6 7.O-O Nc6 8.Kh1 Nxd4
9.Qxd4 Bc5 10.Qd1 b5 11.Bf3 Ra7 12.Qe2 d6 13.Rd1 Nd7 14.g3 Ne5 15.Bg2 h5
16.h3 Qb6 17.a4 Bxf2 18.axb5 Bc5 19.b4 Bxb4 20.Be3 Qb7 21.b6 Ra8 22.Na4 Bd7
23.Rdb1 Bb5 24.Qd1 Nc4 25.Bd4 Ba5 26.Nb2 Nxb2 27.Rxb2 e5 28.Rxa5 exd4 29.Qxd4 O-O
30.c4 Bc6 31.Rxh5 a5 32.Rg5 f6 33.Rg4 Qe7 34.Kh2 Qe5 35.Qd2 a4 36.Rf4 a3
37.Ra2 Qc5 38.Qd3 Rfb8 39.Rf5 Qb4 40.e5 Bxg2 41.Rxg2 dxe5 42.Qd5+ Kf8 43.c5 a2
44.Rh5 a1=Q 45.Qe6  1-0

[Event "TCh-AUT 2nd Mitte 2013-14"]
[Site "Fuerstenfeld AUT"]
[Date "2013.10.04"]
[Round "1.1"]
[White "Haba,P"]
[Black "Mayerhofer,P"]
[Result "1-0"]
[WhiteElo "2503"]
[BlackElo "2191"]

1.e4 c5 2.Nf3 e6 3.d4 cxd4 4.Nxd4 a6 5.Nc3 Qc7 6.Bd3 Nc6 7.Nxc6 dxc6 8.O-O Nf6
9.f4 e5 10.Kh1 Bc5 11.Qf3 Bg4 12.Qg3 h5 13.fxe5 h4 14.Qf4 Nh5 15.Qxg4 Ng3+
16.hxg3 hxg3+ 17.Qh3 Rxh3+ 18.gxh3 Qxe5 19.Bf4 Qh5 20.Kg2 Bf2 21.Ne2 O-O-O
22.Nxg3 Bxg3 23.Bxg3 Rh8 24.h4 f6 25.Rae1 b5 26.e5 Qf7 27.exf6 Qd5+ 28.Kh3 gxf6
29.Re7 Qc5 30.Bf5+ Kd8 31.Rd7+ Ke8 32.Re1+  1-0

[Event "Lichtenrader Herbst 2013"]
[Site "Berlin GER"]
[Date "2013.10.05"]
[Round "8.12"]
[White "Schmidek,Emil"]
[Black "Major,Vitalij"]
[Result "0-1"]
[WhiteElo "1940"]
[BlackElo "2164"]

1.e4 c5 2.Nf3 e6 3.d4 cxd4 4.Nxd4 a6 5.Nc3 Qc7 6.f4 Nc6 7.Nb3 b5 8.a3 d6
9.Bd3 Nf6 10.O-O Be7 11.Qf3 Bb7 12.Bd2 Nd7 13.Qh3 Nc5 14.Nxc5 dxc5 15.f5 Qd7
16.Bf4 Nd4 17.Qg3 O-O-O 18.fxe6 fxe6 19.Qxg7 c4 20.Be2 Nxe2+ 21.Nxe2 Bc5+  0-1

[Event "23rd EYCC Open U18 2013"]
[Site "Budva MNE"]
[Date "2013.10.05"]
[Round "6.3"]
[White "Studer,N"]
[Black "Grigoryan,K2"]
[Result "0-1"]
[WhiteElo "2341"]
[BlackElo "2563"]

1.e4 c5 2.Nf3 e6 3.d4 cxd4 4.Nxd4 a6 5.Nc3 Qc7 6.Be3 Bb4 7.Qd2 Nf6 8.Bd3 d5
9.exd5 Nxd5 10.Nde2 Nxe3 11.Qxe3 Nd7 12.O-O Nf6 13.Qg3 Qxg3 14.Nxg3 Bxc3
15.bxc3 Bd7 16.Ne4 Ke7 17.Rab1 Bc6 18.Nc5 Rab8 19.Nb3 Nd7 20.Na5 Rhc8 21.Rb4 Nc5
22.Rfb1 Bd5 23.c4 Bc6 24.h4 f5 25.f4 Kd6 26.Kf2 Kc7 27.Rb6 Rd8 28.Ke3 Bxg2
29.R6b4 Bc6 30.Rg1 Rd7 31.Nb3 Nxb3 32.Rxb3 Kd8 33.Rbb1 Ke8 34.Kd2 Kf7 35.Kc3 Kf6
36.Rbe1 Rbd8 37.Re5 Rd4 38.Rge1 Rxf4 39.Rxe6+ Kf7 40.Re7+ Kf8 41.Rc7 Rd7
42.Rc8+ Kf7 43.h5 g6 44.hxg6+ hxg6 45.Rh8 Kg7 46.Ree8 Kf6  0-1

[Event "Frauenbundesliga 2013-14"]
[Site "Germany GER"]
[Date "2013.10.05"]
[Round "1.2"]
[White "Matras Clement,A"]
[Black "Zozulia,A"]
[Result "1/2-1/2"]
[WhiteElo "2245"]
[BlackElo "2330"]

1.e4 c5 2.Nf3 e6 3.d4 cxd4 4.Nxd4 a6 5.Nc3 b5 6.Bd3 Bb7 7.O-O Qc7 8.Qe2 Nc6
9.Nxc6 Qxc6 10.a4 b4 11.Nd5 Nf6 12.Bc4 Be7 13.Nxe7 Kxe7 14.f3 d5 15.exd5 Nxd5
16.Bxd5 Qxd5 17.Rd1 Qc6 18.Be3 Rac8 19.Rd2 Rhd8 20.Rad1 Rxd2 21.Qxd2 a5 22.Qd4 f6
23.Rd2 Kf7 24.Qb6 Ra8 25.Rd6 Qxb6 26.Bxb6 Bd5 27.Rd7+ Kg6 28.b3 Ra6 29.Bd8 Rc6
30.Rc7 Rd6 31.Be7 Ra6 32.Bf8 Kf5 33.Bxg7 h5 34.Bf8 e5 35.Kf2 e4 36.Bc5 exf3
37.gxf3 Kf4 38.Be3+ Ke5 39.Rc5 Ra8 40.Rb5 Ke6 41.Bb6 Rb8 42.Bxa5 Rxb5 43.axb5 Kd6
44.Bb6 Be6 45.Ba5 Kc5 46.Bd8 Bf5 47.b6 Kc6 48.Bxf6 Bxc2 49.Be7 Kxb6 50.Bxb4 Bxb3
51.Kg3 Kc6 52.Kh4 Bd1 53.f4 Kd7 54.Kg5 Ke6 55.Kg6 Bg4 56.h4 Bh3 57.Kxh5 Bf5
58.Bd6 Be4 59.Kh6 Bd3 60.h5  1/2-1/2

[Event "Reykjavik CC GM 2013"]
[Site "Reykjavik ISL"]
[Date "2013.10.05"]
[Round "6.3"]
[White "Olafsson,Thorv"]
[Black "Oleksienko,M"]
[Result "0-1"]
[WhiteElo "2266"]
[BlackElo "2608"]

1.e4 c5 2.Nf3 e6 3.d4 cxd4 4.Nxd4 a6 5.Nc3 b5 6.Bd3 Qb6 7.Nf3 Qc7 8.O-O Bb7
9.Qe2 Be7 10.Bg5 Nc6 11.Bxe7 Ngxe7 12.Rfe1 O-O 13.Qe3 Ng6 14.Rad1 Rac8 15.a3 Nce5
16.Nxe5 Nxe5 17.Bf1 Rfd8 18.Rd2 Ng4 19.Qg3 Qxg3 20.hxg3 Kf8 21.f3 Ne5 22.Red1 Ke7
23.Kf2 h5 24.Ke3 g6 25.Be2 d6 26.Na2 Rc6 27.Nb4 Rb6 28.c3 a5 29.Nc2 Nc4+
30.Bxc4 bxc4 31.Nd4 e5 32.Ne2 Rb8 33.f4 f6 34.Ng1 Bc8 35.Nf3 Bg4 36.fxe5 dxe5
37.Rd5 Rxb2 38.Rxa5 Rxg2 39.Ra7+ Ke8  0-1

[Event "23rd EYCC Open U18 2013"]
[Site "Budva MNE"]
[Date "2013.10.06"]
[Round "7.24"]
[White "Osmanodja,F"]
[Black "Tairi,K"]
[Result "1-0"]
[WhiteElo "2275"]
[BlackElo "1864"]

1.e4 c5 2.Nf3 e6 3.d4 cxd4 4.Nxd4 a6 5.Nc3 b5 6.Bd3 Bc5 7.Nb3 Ba7 8.Bf4 Nc6
9.Qd2 Nge7 10.O-O-O e5 11.Bg5 d6 12.h4 h6 13.Be3 Be6 14.Be2 Bxe3 15.Qxe3 Bxb3
16.cxb3 Nd4 17.Bd3 Rc8 18.Kb1 O-O 19.f4 Ng6 20.g3 Re8 21.f5 Nf8 22.g4 f6
23.Rhg1 Nh7 24.Nd5 Rf8 25.Rc1 Rc5 26.b4 Rxc1+ 27.Rxc1 Rf7 28.Rc3 Rb7 29.Qc1 Qd7
30.Rc8+ Nf8 31.Ra8 Nc6 32.Rxa6 Nd4 33.Ra8 Nc6 34.g5 Ne7 35.Nxe7+ Qxe7 36.g6 Ra7
37.Rc8 Qb7 38.Bc2 d5 39.Bb3  1-0

[Event "ch-Novoyavorivsk Chess Club 2013"]
[Site "Novoyavorivsk UKR"]
[Date "2013.10.06"]
[Round "6.2"]
[White "Shkuran,D"]
[Black "Rytenko,Vsevolod"]
[Result "0-1"]
[WhiteElo "2391"]
[BlackElo "2188"]

1.e4 c5 2.Nf3 e6 3.d4 cxd4 4.Nxd4 a6 5.Nc3 Qc7 6.g3 Nf6 7.Bg2 Be7 8.O-O O-O
9.Nb3 Nc6 10.f4 d6 11.Be3 Bd7 12.a4 Rac8 13.Qe2 Na5 14.Nxa5 Qxa5 15.g4 Qb4
16.Ra2 Qc4 17.Qd1 Bc6 18.Bd4 Nxe4 19.Bxe4 Bxe4 20.b3 Qc6 21.Nxe4 Qxe4 22.c4 d5
23.Re2 Qxd4+ 24.Qxd4 Bc5 25.Qxc5 Rxc5 26.cxd5 Rxd5 27.Rf3 Rc8 28.Kg2 Kf8
29.h3 Ke7 30.Rfe3 Kd6 31.Rb2 Rc1 32.b4 Rc4 33.Kg3 Rdd4 34.b5 Rxa4 35.bxa6 bxa6
36.Rb7 Rxf4 37.Rd3+ Ke5 38.Rdd7 Ra3+ 39.Kg2 Raf3 40.Ra7 Rf2+ 41.Kg3 R4f3+
42.Kh4 Rh2 43.Rxf7 Rhxh3+ 44.Kg5 Rxf7 45.Rxf7 h6+ 46.Kg6 Rh4 47.Kxg7 Rxg4+
48.Kxh6 Ke4  0-1

[Event "Tatry Open 2013"]
[Site "Tatranske Zruby SVK"]
[Date "2013.10.06"]
[Round "9.15"]
[White "Kovacik,E"]
[Black "Banas,J"]
[Result "0-1"]
[WhiteElo "2207"]
[BlackElo "2292"]

1.e4 c5 2.Nf3 e6 3.d4 cxd4 4.Nxd4 a6 5.Nc3 Qc7 6.g3 Bb4 7.Ne2 Nf6 8.Bg2 Be7
9.O-O d6 10.Be3 O-O 11.h3 Nc6 12.Na4 Nd7 13.c4 b5 14.cxb5 axb5 15.Nac3 Qb8
16.b3 Ba6 17.f4 b4 18.Na4 e5 19.Rf2 Nc5 20.Nb2 Bb5 21.f5 Ra3 22.Nc1 Qa8 23.g4 Na5
24.Rb1 Nxe4 25.Rc2 d5 26.Nbd3 Nc3 27.Rxc3 bxc3 28.Nxe5 Rd8 29.Bb6 Rc8 30.Bxd5 c2
31.Qxc2 Rxc2 32.Bxa8 Nxb3 33.Bd5 Rxc1+ 34.Rxc1 Nxc1  0-1

[Event "23rd EYCC Open U16 2013"]
[Site "Budva MNE"]
[Date "2013.10.07"]
[Round "8.13"]
[White "Takacs,Las"]
[Black "Petrosyan,M"]
[Result "1-0"]
[WhiteElo "2130"]
[BlackElo "2312"]

1.e4 c5 2.Nf3 e6 3.d4 cxd4 4.Nxd4 a6 5.Nc3 Qc7 6.Bd3 Nc6 7.Be3 Nf6 8.O-O Be7
9.a4 O-O 10.Kh1 d6 11.f4 b6 12.Nxc6 Qxc6 13.Qe2 Bb7 14.Rad1 Nd7 15.Rf3 g6
16.Rdf1 Bf6 17.f5 Ne5 18.fxg6 Nxf3 19.gxh7+ Kh8 20.Rxf3 Bg7 21.Rg3 Be5 22.Rg5 Qd7
23.Qg4 f6 24.Rg6 f5 25.exf5 exf5 26.Qg5 Rae8 27.Kg1 Bg7 28.h4 Qe7 29.Qxe7 Rxe7
30.Bxb6 Kxh7 31.Rg5 Be4 32.Nxe4 fxe4 33.Bxa6 Bxb2 34.Be2 Bc1 35.Rd5 Bf4 36.a5 Rb8
37.c4 Reb7 38.Rb5 Kg6 39.g4 Be5 40.Kg2 Rh7 41.h5+ Kf6 42.g5+ Kf5 43.g6 Rhb7
44.Bd1 Kf4 45.Bc2 Rc8 46.Be3+ Kxe3 47.Rxb7 Rxc4 48.Bb3 Rd4 49.g7 Rd2+ 50.Kf1 Rf2+
51.Kg1 Bxg7 52.Rxg7 Rf5 53.a6 Rxh5 54.a7 Ra5 55.Bd5  1-0

[Event "23rd EYCC Open U16 2013"]
[Site "Budva MNE"]
[Date "2013.10.07"]
[Round "8.31"]
[White "Skuhala,Jernej"]
[Black "Lekic,L"]
[Result "1/2-1/2"]
[WhiteElo "1914"]
[BlackElo "2054"]

1.e4 c5 2.Nf3 e6 3.d4 cxd4 4.Nxd4 a6 5.Nc3 Qc7 6.Be3 Bb4 7.Qd2 Nf6 8.f3 d5
9.exd5 Nxd5 10.Nde2 O-O 11.a3 Nxe3 12.axb4 Nxf1 13.Rxf1 Nc6 14.b5 Rd8 15.Qf4 e5
16.Qh4 Nd4 17.Nxd4 exd4 18.O-O-O axb5 19.Rxd4 Ra1+ 20.Nb1 Rxd4 21.Qxd4 Bf5
22.Rf2 h6 23.g4 Qa5 24.Re2 Be6 25.b3 Qa3+ 26.Qb2 b4 27.h3 b5 28.c3 Bxb3 29.Re8+ Kh7
30.cxb4 Qa2 31.Rd8 Be6 32.Rd2 Qa7 33.f4 Qg1+ 34.Rd1 Qe3+ 35.Qd2 Qxh3 36.Qc2+ f5
37.Re1 Ra2 38.Qc3 Qxc3+ 39.Nxc3 Ra1+ 40.Kd2 Rxe1 41.Kxe1 fxg4 42.Nxb5 Bd5
43.Kf2 Kg6 44.Kg3 h5 45.Nd4 Kf6 46.Kh4 g6 47.b5 Ke7 48.b6 Kf6 49.Nc2 Be4
50.Nd4 Ke7 51.f5 Kf6 52.fxg6 Kxg6 53.Ne6  1/2-1/2

[Event "ch-Novoyavorivsk Chess Club 2013"]
[Site "Novoyavorivsk UKR"]
[Date "2013.10.07"]
[Round "8.3"]
[White "Omelja,A"]
[Black "Rytenko,Vsevolod"]
[Result "0-1"]
[WhiteElo "2253"]
[BlackElo "2188"]

1.e4 c5 2.Nf3 e6 3.d4 cxd4 4.Nxd4 a6 5.Nc3 Qc7 6.Be3 Bb4 7.Qd3 Nf6 8.f3 d5
9.exd5 Nxd5 10.Bd2 Nxc3 11.bxc3 Be7 12.Be2 Nd7 13.O-O O-O 14.Rad1 b5 15.Rfe1 Ne5
16.Qe3 Nc4 17.Bxc4 Qxc4 18.Nf5 Bf6 19.Nd6 Qxa2 20.Qe4 Qd5 21.Qxd5 exd5 22.Re8 Be6
23.Rxa8 Rxa8 24.Nb7 Rc8 25.Ra1 b4 26.Rxa6 bxc3 27.Bf4 h6 28.Nd6 Rb8 29.Ra1 Rb2
30.Rc1 d4 31.Ne4 Bf5 32.g4 Bxe4 33.fxe4 d3 34.cxd3 Bd4+ 35.Kh1 g5 36.Bg3 c2  0-1

[Event "23rd EYCC Girls U18 2013"]
[Site "Budva MNE"]
[Date "2013.10.08"]
[Round "9.2"]
[White "Efroimski,M"]
[Black "Tantsiura,M"]
[Result "1-0"]
[WhiteElo "2317"]
[BlackElo "2189"]

1.e4 c5 2.Nf3 e6 3.d4 cxd4 4.Nxd4 a6 5.Nc3 Qc7 6.Be2 Nf6 7.O-O Nc6 8.Be3 Be7
9.f4 d6 10.Kh1 O-O 11.Qe1 Nxd4 12.Bxd4 b5 13.e5 Nd7 14.Bd3 Bb7 15.Ne4 Bxe4
16.Qxe4 g6 17.exd6 Bxd6 18.Bc3 Rfe8 19.Rae1 Qb8 20.Qd4 e5 21.fxe5 Nxe5 22.a3 Ra7
23.Be4 Rae7 24.Rf6 Rd8 25.Bd5 Qc7 26.Rd1 Bc5 27.Rxf7 Rxd5 28.Qxd5 Nxf7 29.Qa8+ Nd8
30.Rxd8+ Kf7 31.Qf3+  1-0

[Event "ch-Novoyavorivsk Chess Club 2013"]
[Site "Novoyavorivsk UKR"]
[Date "2013.10.08"]
[Round "9.5"]
[White "Shkuran,D"]
[Black "Grinev,V"]
[Result "1/2-1/2"]
[WhiteElo "2391"]
[BlackElo "2362"]

1.e4 c5 2.Nf3 e6 3.d4 cxd4 4.Nxd4 a6 5.Nc3 Qc7 6.Bd3 Nf6 7.O-O Bc5 8.Nb3 Ba7
9.Qe2 Nc6 10.Kh1 h5 11.f4 Ng4 12.e5 f5 13.exf6 gxf6 14.Nd5 Qd6 15.Ne3 Qe7
16.Nxg4 hxg4 17.Qxg4 f5 18.Qg3 Qh7 19.Bd2 b5 20.Be2 Bb7 21.Bf3 O-O-O 22.h3 Rdg8
23.Qh2 Nd4 24.Bxb7+ Kxb7 25.Nxd4 Bxd4 26.a4 Qe7 27.axb5 axb5 28.Bc3 Bxc3
29.bxc3 Qc5 30.Rf3 Qc6 31.Rd3 Kc8 32.Rf3 Kb7  1/2-1/2

[Event "7th Univ Cent Open 2013"]
[Site "Bogota COL"]
[Date "2013.10.11"]
[Round "3.14"]
[White "Motta Leon,Gerardo"]
[Black "Otero Acosta,D"]
[Result "0-1"]
[WhiteElo "2046"]
[BlackElo "2519"]

1.e4 c5 2.Nf3 e6 3.Nc3 a6 4.d4 cxd4 5.Nxd4 b5 6.Bd3 Qb6 7.Nb3 Qc7 8.O-O Bb7
9.f4 Nf6 10.e5 b4 11.Ne2 Qc6 12.Rf3 Ng4 13.Nbd4 Qb6 14.Rg3 h5 15.h3 Nc6 16.hxg4 h4
17.Rh3 Nxd4 18.Nxd4 Qxd4+ 19.Be3 Qd5 20.Qe2 Rc8 21.Rd1 Qxa2 22.b3 Qa5 23.Bc4 Bc5
24.g3 Qb6 25.Re1 Bxe3+ 26.Qxe3 Qc6 27.Re2 Qf3 28.Qxf3 Bxf3 29.Rf2 Bxg4 30.Rxh4 Rxh4
31.gxh4 Bf5 32.Bxa6 Rxc2 33.Rxc2 Bxc2 34.Bc4 Ke7 35.Kf2 d5 36.exd6+ Kxd6
37.Ke3 Kc5 38.Kd2 Be4 39.Be2 Kd4 40.Bh5 f6 41.Bd1 f5 42.Ke1  0-1